00984nam a22002297a 450000500170000000800410001704000720005804100080013010000430013824500940018124600660027524600390034126000470038030000180042750000750044550000210052050500190054165000580056065100440061865100460066270000460070820240510090041.0130821s1976 ck gr spa  aCO-BoUCMbspacDavid Moreno (modificó)dDavid Moreno (modificó)00aspa1 aCavelier Gaviria, Germánd1922-2005.10aDocumentos para la historia diplomática de Colombiacpor Germán Cavelier [compilador]13aDocumentos para la historia diplomática de Colombiabtextos14aHistoria diplomática de Colombia aBogotá (Colombia)bEditorial Kellyc1976 a2 volúmenes aEl volumen 1 ejemplar No.2 es donación por Dr. Aurelio Tobón Mejia aIncluye índice0 gV.1t1820-183017aServicio diplomático y consularxHistoriazColombia14aColombiabPolítica exteriorxHistoria14aColombiaxRelaciones exterioresxHistoria1 aCavelier, Germánd1922-2005ecompilador